Central Library OPAC University of Rajshahi

Dimensions of personality : (Record no. 29074)

MARC details
000 -LEADER
fixed length control field 01275nam a22003131 4500
001 - CONTROL NUMBER
control field 29074
003 - CONTROL NUMBER IDENTIFIER
rucl marc code BD-RjUL
005 - DATE AND TIME OF LATEST TRANSACTION
control field 20211209051353.0
008 - FIXED-LENGTH DATA ELEMENTS--GENERAL INFORMATION
fixed length control field 140402s1947 enka bs 001 0 eng
035 ## - SYSTEM CONTROL NUMBER
System control number (BD-RjUL)29159
System control number (OCoLC)1228354
040 ## - CATALOGING SOURCE
Original cataloging agency DLC
Transcribing agency OAU
Modifying agency OTMC
-- OkU-M
-- OCoLC
-- DLC
-- BD-RjUL
Language of cataloging eng
041 ## - LANGUAGE CODE
Language code of text/sound track or separate title eng
060 ## - NATIONAL LIBRARY OF MEDICINE CALL NUMBER
Classification number WM 170 E98d 1948
082 ## - DEWEY DECIMAL CLASSIFICATION NUMBER
Classification number 616.8075
Author mark and year EYD 1947
100 1# - MAIN ENTRY--PERSONAL NAME
Personal name Eysenck, H. J.
Fuller form of name (Hans Jurgen),
Dates associated with a name 1916-1997.
9 (RLIN) 5838
245 10 - TITLE STATEMENT
Title Dimensions of personality :
Remainder of title a record of research carried out in collaboration with H.T. Himmelweit [...et all] /
Statement of responsibility, etc. With a foreword by Aubrey Lewis.
260 ## - PUBLICATION, DISTRIBUTION, ETC. (IMPRINT)
Place of publication, distribution, etc. London :
Name of publisher, distributor, etc. K. Paul, Trench, Trubner,
Date of publication, distribution, etc. 1947.
300 ## - PHYSICAL DESCRIPTION
Pagination xi, 308 p. :
Illustrations ill., diagrs. ;
Size 23 cm.
500 ## - GENERAL NOTE
General note "The work described in this book was carried out at the Mill Hill Emergency Hospital, which, together with Sutton Emergency Hospital, was the war-time transformation of the Maudsley Hospital."
504 ## - BIBLIOGRAPHY, ETC. NOTE
Bibliography, etc Bibliography: p. 279-303. and index.
650 #0 - SUBJECT ADDED ENTRY--TOPICAL TERM
Topical term or geographic name as entry element Psychiatry
Form subdivision Case studies.
9 (RLIN) 39516
Topical term or geographic name as entry element Psychology, Pathological.
9 (RLIN) 88811
Topical term or geographic name as entry element Personality disorders.
9 (RLIN) 16006
700 1# - ADDED ENTRY--PERSONAL NAME
Personal name Himmelweit, Hilde T.,
Relator term joint author.
942 ## - ADDED ENTRY ELEMENTS (KOHA)
Source of classification or shelving scheme Dewey Decimal Classification
Koha item type Books
Holdings
Lost status Source of classification or shelving scheme Damaged status Not for loan Collection code Permanent Location Current Location Shelving location Date acquired Source of acquisition Cost, normal purchase price Total Checkouts Full call number Date last seen Copy number Koha item type
  Dewey Decimal Classification   Added to bundle Non-fiction Central Library, University of Rajshahi Central Library, University of Rajshahi Reading Room 26/05/1956 Zeit 8.30   616.8075 EYD 1947 02/04/2014 C-1 Books
  Dewey Decimal Classification     Non-fiction Central Library, University of Rajshahi Central Library, University of Rajshahi   10/01/1956 SImpkin marshall 1.50   616.8075 EYD 1955 02/04/2014 C-2 Books